A preliminary study on Leptocybe Invasa the blue gum chalcid wasp by collecting information on its ecology, biology, damage, symptoms and proposed control strategy on Eucalyptus tree species in Zambia. (Record no. 77022)
[ view plain ]
| 000 -LEADER | |
|---|---|
| fixed length control field | 00977nam a2200193 a 4500 |
| 008 - FIXED-LENGTH DATA ELEMENTS--GENERAL INFORMATION | |
| fixed length control field | 170112s2014 ||||||||||||||||| || u |
| 050 ## - LIBRARY OF CONGRESS CALL NUMBER | |
| Classification number | CBU-UG THESIS/MAL |
| 100 ## - MAIN ENTRY--PERSONAL NAME | |
| Personal name | Malawo, Cynthia |
| 245 12 - TITLE STATEMENT | |
| Title | A preliminary study on Leptocybe Invasa the blue gum chalcid wasp by collecting information on its ecology, biology, damage, symptoms and proposed control strategy on Eucalyptus tree species in Zambia. |
| Statement of responsibility, etc. | by Cynthia Malawo |
| 260 ## - PUBLICATION, DISTRIBUTION, ETC. | |
| Place of publication, distribution, etc. | Kitwe |
| Name of publisher, distributor, etc. | Copperbelt University |
| Date of publication, distribution, etc. | 2014 |
| 300 ## - PHYSICAL DESCRIPTION | |
| Extent | vii, 33p.: ill. |
| 500 ## - GENERAL NOTE | |
| General note | Bibliography |
| 650 ## - SUBJECT ADDED ENTRY--TOPICAL TERM | |
| Topical term or geographic name entry element | TREES--DISEASES AND PESTS--CONTROL |
| 650 ## - SUBJECT ADDED ENTRY--TOPICAL TERM | |
| Topical term or geographic name entry element | PLANT DISEASES |
| 650 ## - SUBJECT ADDED ENTRY--TOPICAL TERM | |
| Topical term or geographic name entry element | PESTS--CONTROL |
| 650 ## - SUBJECT ADDED ENTRY--TOPICAL TERM | |
| Topical term or geographic name entry element | PESTS--CONTROL--ZAMBIA |
| 995 ## - | |
| -- | SPECIAL COLLECTIONS |
| -- | 4205 |
| -- | CBU-MAIN LIBRARY (Kitwe) |
| -- | CBU-UG THESIS/MAL |
| -- | 2 |
| -- | AVAILABLE |
| -- | Jul 27, 2020 |
| -- | B4205 |
| -- | University Collection |
| 995 ## - | |
| -- | SPECIAL COLLECTIONS |
| -- | 2993 |
| -- | CBU-KAPASA MAKASA LIBRARY (Chinsali) |
| -- | CBU-UG THESIS/MAL |
| -- | 1 |
| -- | AVAILABLE |
| -- | Jan 12, 2017 |
| -- | B2993 |
| -- | University Collection |
| 999 ## - | |
| -- | 77022 |
| -- | 77022 |
| Withdrawn status | Lost status | Source of classification or shelving scheme | Damaged status | Not for loan | Permanent Location | Current Location | Shelving location | Date acquired | Total Checkouts | Full call number | Barcode | Date last seen | Copy number | Price effective from | Koha item type |
|---|---|---|---|---|---|---|---|---|---|---|---|---|---|---|---|
| CBU-MAIN LIBRARY, KITWE. | CBU-MAIN LIBRARY, KITWE. | 04/25/2023 | CBU-UG THESIS/MAL | B4205 | 04/25/2023 | 1 | 04/25/2023 | SPECIAL COLLECTION | |||||||
| CBU-MAIN LIBRARY, KITWE. | CBU-MAIN LIBRARY, KITWE. | 04/25/2023 | CBU-UG THESIS/MAL | B2993 | 04/25/2023 | 2 | 04/25/2023 | SPECIAL COLLECTION |